01444nam a2200325 a 450000500170000000800410001702000150005804100080007310000240008124501600010525000110026526000320027630000160030850002030032465300330052765300570056065300480061765300370066565300200070265300420072265300700076465300280083465300330086265300500089565300370094565300440098265300320102665300390105870000210109720240805112326.0100806t1999||||ag a f |||| 001 0 spa d a9874313714 aspa1 aLasala, Fernando G.6 aDe la Semiología a la Clínica.bFasc. 3 de la semiología del aparato digestivo a la clínica. Primera parte: el tubo digestivo /cFernando G. Lasala a1a ed. aBuenos Aires: bS/E;c1999. a114 p.bil. aLasala, F. G. y Gennaro, O. (1999). De la Semiología a la Clínica. Fasc. 3 de la semiología del aparato digestivo a la clínica. Primera parte: el tubo digestivo. (1a ed.). Buenos Aires : S/E3 aLa exploración del abdomen aSemiología del esófago. Síndromes esofágicos aSemiología y síndromes gastroduodenales aSindrome de hemorragia digestiva aDolor abdominal3 aEl paciente con dolor abdominal agudo aMotivos de consulta en enfermedades de intestino delgado y grueso3 aEl paciente con diarrea aSíndrome de malabsorción aSindrome de obstrucción intestinal o íleo aEstreñimiento o constipación aSemiología y síndromes recto-anales4 aLos Síndromes funcionales aDetección de cáncer de colón1 aGennaro, Orlando